Catálogo
 En Linea

Manual interamericano de dispositivos para el control del tránsito en calles y carreteras / (Registro nro. 48161)

Detalles MARC
000 -CABECERA
campo de control de longitud fija 00608nam a2200169 a 4500
001 - NÚMERO DE CONTROL
campo de control 000048673
005 - FECHA Y HORA DE LA ÚLTIMA TRANSACCIÓN
campo de control 20201002061323.0
008 - DATOS DE LONGITUD FIJA--INFORMACIÓN GENERAL
campo de control de longitud fija 190408s2016 dr a 000 0 spa d
040 ## - FUENTE DE LA CATALOGACIÓN
Centro catalogador/agencia de origen DO-SdBNP
Lengua de catalogación spa
Centro/agencia transcriptor BNPHU
082 ## - NÚMERO DE LA CLASIFICACIÓN DECIMAL DEWEY
Número de clasificación xx
Número de documento/Ítem xx
245 00 - MENCIÓN DE TÍTULO
Título Manual interamericano de dispositivos para el control del tránsito en calles y carreteras /
Mención de responsabilidad, etc. prólogo Nelson Peguero Paredes.
260 ## - PUBLICACIÓN, DISTRIBUCIÓN, ETC.
Lugar de publicación, distribución, etc. Santo Domingo :
Nombre del editor, distribuidor, etc. Centro del Autovilista,
Fecha de publicación, distribución, etc. 2016.
300 ## - DESCRIPCIÓN FÍSICA
Extensión 387 p. ;
Dimensiones 28 cm.
590 ## - NOTA LOCAL (RLIN)
Nota local Inventariado, 2019/VM
700 1# - PUNTO DE ACCESO ADICIONAL--NOMBRE DE PERSONA
Nombre de persona Peguero Paredes, Nelson
9 (RLIN) 76114
710 2# - PUNTO DE ACCESO ADICIONAL--NOMBRE DE ENTIDAD CORPORATIVA
Nombre de entidad corporativa o nombre de jurisdicción como elemento de entrada Policia Nacional (República Dominicana)
9 (RLIN) 76115
Existencias
Estado de retiro Estado de pérdida Restricciones de uso No para préstamo Código de colección Localización permanente Ubicación/localización actual Ubicación en estantería Fecha de adquisición Número de inventario Total de préstamos Signatura topográfica completa Código de barras Fecha visto por última vez Número de copia Precio válido a partir de Tipo de ítem Koha
        Dominicana de Servicio General General Depósito 08.04.2019 LF1   xx xx 48673-30 25.06.2020 e. 3 25.06.2020 Libro y Folleto Colección Dominicana de Servicio
        Dominicana de Servicio General General Depósito 30.05.2019 LF1   xx xx 48673-40 25.06.2020 e. 4 25.06.2020 Libro y Folleto Colección Dominicana de Servicio
      Excluido de préstamo Patrimonio Dominicano Patrimonio Dominicano Patrimonio Dominicano Depósito 08.04.2019 LF1   xx xx 48673-10 25.06.2020   25.06.2020 Libro y Folleto Colección Patrimonio Dominicano
      Excluido de préstamo Patrimonio Dominicano Patrimonio Dominicano Patrimonio Dominicano Depósito 08.04.2019 LF1   xx xx 48673-20 25.06.2020 e. 2 25.06.2020 Libro y Folleto Colección Patrimonio Dominicano

Con tecnología Koha